| 000 | 00710nam a2200205 u 4500 | ||
|---|---|---|---|
| 001 | 000190444 | ||
| 003 | AM-YeHGA | ||
| 005 | 20250617123810.0 | ||
| 008 | 030329s1984 ru || |||||||||||||rus|d | ||
| 040 | _aAM-YeHGA | ||
| 041 | 0 | _arus | |
| 245 | 0 | 0 |
_aТепломассоперенос при контактном плавлении (Применительно к условиям теплового бурения) / _cАвт. В.К. Чистяков и др. |
| 260 |
_aКазань : _bИзд-во Казан. ун-та, _c1984. |
||
| 300 | _a175 с. | ||
| 650 | 1 | 4 | _aГорное дело |
| 700 | 1 | _aСаламатин, А.Н. | |
| 700 | 1 | _aФомин, С.А. | |
| 942 |
_2udc _cBK |
||
| 090 | _c67223 | ||
| 999 |
_c66098 _d66098 |
||